El origen de la moneda: signos premonetarios y formas arcaicas del intercambio

Enregistré dans:
Détails bibliographiques
Auteur principal: Parise, Nicola (Auteur)
Format: Livre
Langue:espagnol
Publié: Barcelona, España Bellaterra 2003
Sujets:
Tags: Ajouter un tag
Pas de tags, Soyez le premier à ajouter un tag!

MARC

LEADER 00000nam a2200000 a 4500
001 UCK9452
003 CL-VaPUC
005 20240531152427.0
008 060512e20030000SP |||||||||||||||||spa|d
999 |c 316656  |d 316654 
020 |a 8472902218 
040 |c Pontificia Universidad Católica de Valparaíso 
082 0 4 |a 332.04 PAR 2003  |2 21 
100 0 |a Parise, Nicola  |e author  |9 499281 
245 1 3 |a El origen de la moneda:  |b  signos premonetarios y formas arcaicas del intercambio 
260 |a Barcelona, España  |b Bellaterra  |c 2003 
300 |a 140 páginas 
583 |a last modification  |c 20060512 00:00:00  |k Rodrigo Vera 
650 0 |a Moneda  |z GRECIA  |z ROMA  |9 342365 
650 0 |a Historia  |z GRECIA  |z ROMA  |9 255047 
650 7 |a EMISION DE LA MONEDA  |2 CL-VaPUC  |9 499282  |z GRECIA  |z ROMA 
650 0 |a Dinero  |9 314331 
650 7 |a TRUEQUE  |2 CL-VaPUC  |9 499283  |z GRECIA  |z ROMA 
852 |a BIBCUR 
942 |c BK  |2 ddc 
945 |d 20060512 00:00:00  |a jtorresc 
952 |0 0  |1 0  |2 ddc  |4 0  |6 332_040000000000000_PAR_2003  |7 0  |8 A  |9 391293  |a BIBHIS  |b BIBHIS  |d 2019-11-22  |i 4225775  |o 332.04 PAR 2003  |p 4225775  |r 2025-01-20  |t 1  |w 2019-11-22  |y BK  |k HIS